| 000 | 00810cam a2200229 4500 | ||
|---|---|---|---|
| 001 | WS119277 | ||
| 008 | 020809n 000 0 eng u | ||
| 035 | _a(Sirsi) u119277 | ||
| 110 |
_aAssociation for Investment Management and Research _94326 |
||
| 245 | _aAssociation for Investment Management and Research | ||
| 520 | _aWeb site for this US based international organisation for investment practitioners. Includes links to standards and online learning. | ||
| 650 | _aPERFORMANCE STANDARDS | ||
| 650 | _aSTANDARDS | ||
| 650 | _aETHICS | ||
| 650 | _aUSA | ||
| 650 | _aORGANISATION | ||
| 650 | _aINTERNATIONAL | ||
| 650 |
_aValuation _96273 |
||
| 690 | _aPROPERTY-PROPERTY FINANCE AND INVESTMENT | ||
| 856 | 4 | 0 |
_uhttps://www.aimr.com _zView the website free of charge at www.aimr.com... |
| 942 | _n0 | ||
| 999 |
_c120159 _d120159 |
||